Konjunkturpolitik Zeitschrift für angewandte Wirtschaftsforschung

Salvato in:
Dettagli Bibliografici
Natura: Periodico
Lingua:tedesco
Pubblicazione: Berlin Duncker und Humblot
Tags: Aggiungi Tag
Nessun Tag, puoi essere il primo ad aggiungerne!!

MARC

LEADER 00000nas1a22000001 4500
001 s120489
005 20240618115455.9
022 |a 0023-3498 
041 0 |a ger 
044 |a DE 
245 1 0 |a Konjunkturpolitik  |b Zeitschrift für angewandte Wirtschaftsforschung 
264 1 |a Berlin  |b Duncker und Humblot